[Event "Zilina Region-ch"]
[Site "Zilina"]
[Date "2013.05.18"]
[Round "3"]
[White "Carnecky, Andrej"]
[Black "Paluch, Stefan"]
[Result "0-1"]
[WhiteElo "1536"]
[BlackElo "1870"]
[PlyCount "152"]
[EventDate "2013.05.17"]
[EventType "swiss"]
[EventRounds "6"]
[EventCountry "SVK"]
[SourceTitle "CBM 154 Extra"]
[Source "ChessBase"]
[SourceDate "2013.06.25"]
[SourceVersion "2"]
[SourceVersionDate "2013.06.25"]
[SourceQuality "1"]

1. e4 c5 2. Nf3 d6 3. d4 cxd4 4. Nxd4 Nf6 5. Nc3 Nc6 6. Bc4 a6 7. h3 Qc7 8. 0-0 e6 9. Bb3 Be7 10. Nf3 b5 11. Nd2 Bb7 12. Ne2 Na5 13. Ng3 0-0 14. c3 Rac8 15. Re1 Nd7 16. Nf3 Bf6 17. Bg5 Bxg5 18. Nxg5 Nc5 19. Bc2 h6 20. Nf3 Nd7 21. Bd3 Nc6 22. Qd2 Nf6 23. a4 Qb6 24. axb5 axb5 25. Qe2 b4 26. cxb4 Qxb4 27. Ba6 Rb8 28. Reb1 Nd7 29. Qd2 Nde5 30. Qxb4 Nxf3+ 31. gxf3 Nxb4 32. Bc4 d5 33. Be2 Ra8 34. Bd1 Rfc8 35. b3 Nd3 36. Rxa8 Rxa8 37. b4 Ra2 38. Be2 Nf4 39. Bf1 d4 40. Rb3 Ra1 41. Kh2 Ra2 42. Kg1 g6 43. Bc4 Nxh3+ 44. Kg2 Nf4+ 45. Kg1 h5 46. b5 h4 47. Nh1 Ra1+ 48. Kh2 Rc1 49. Bd3 e5 50. Ra3 Nxd3 51. Rxd3 Rb1 52. Rd2 Kg7 53. Kh3 Rxh1+ 54. Kg4 Rb1 55. Kxh4 Rxb5 56. f4 Bxe4 57. fxe5 Rxe5 58. Rxd4 Bf5 59. Rd2 Re4+ 60. Kg3 Kf6 61. Rb2 Rc4 62. Rb6+ Kg5 63. Rb8 Rc3+ 64. Kg2 Be4+ 65. Kf1 f5 66. Ke2 Kf4 67. Rb4 Rc2+ 68. Ke1 g5 69. Kf1 g4 70. Ke1 Kf3 71. Rb3+ Kg2 72. Rg3+ Kh2 73. Ra3 Bf3 74. Ra5 Re2+ 75. Kf1 Re4 76. Rxf5 Bg2# 0-1

[Event "Zilina Region-ch"]
[Site "Zilina"]
[Date "2013.05.18"]
[Round "4"]
[White "Vlcek, Peter"]
[Black "Carnecky, Andrej"]
[Result "1/2-1/2"]
[WhiteElo "1758"]
[BlackElo "1536"]
[PlyCount "55"]
[EventDate "2013.05.17"]
[EventType "swiss"]
[EventRounds "6"]
[EventCountry "SVK"]
[SourceTitle "CBM 154 Extra"]
[Source "ChessBase"]
[SourceDate "2013.06.25"]
[SourceVersion "2"]
[SourceVersionDate "2013.06.25"]
[SourceQuality "1"]

1. e4 e5 2. Nf3 Nc6 3. Bb5 Nf6 4. 0-0 Bc5 5. Bxc6 dxc6 6. Nxe5 0-0 7. d3 Qe7 8. Nf3 Bg4 9. Bg5 Rad8 10. e5 Bxf3 11. exf6 gxf6 12. Qxf3 fxg5 13. Nc3 Rfe8 14. Ne4 Bd4 15. c3 Bg7 16. Rad1 h6 17. Qh5 f5 18. Ng3 Qf6 19. f4 gxf4 20. Rxf4 Qe5 21. Rf3 f4 22. Qxe5 Bxe5 23. Nh5 Rf8 24. Rdf1 c5 25. a3 a5 26. Re1 Bd6 27. Re4 Rf5 28. Ng3 1/2-1/2

[Event "Zilina Region-ch"]
[Site "Zilina"]
[Date "2012.05.06"]
[Round "5"]
[White "Carnecky, Andrej"]
[Black "Piovar, Jaroslav"]
[Result "1-0"]
[WhiteElo "1486"]
[BlackElo "1554"]
[PlyCount "21"]
[EventDate "2012.05.04"]
[EventType "swiss"]
[EventRounds "7"]
[EventCountry "SVK"]
[SourceTitle "CBM 148 Extra"]
[Source "ChessBase"]
[SourceDate "2012.06.22"]
[SourceVersion "1"]
[SourceVersionDate "2012.06.22"]
[SourceQuality "1"]

1. e4 c6 2. d4 d5 3. Nc3 dxe4 4. Nxe4 Bf5 5. Bd3 Nd7 6. Nf3 h6 7. 0-0 e6 8. c4 c5 9. Re1 Bg4 10. d5 exd5 11. Nf6# 1-0